Holding the world together : African women in changing perspective
Đã lưu trong:
| Định dạng: | Sách |
|---|---|
| Ngôn ngữ: | Tiếng Anh |
| Được phát hành: |
The University of Wisconsin Press
2019
|
| Các nhãn: |
Thêm thẻ
Không có thẻ, Là người đầu tiên thẻ bản ghi này!
|
MARC
| LEADER | 00000nam a22000007a 4500 | ||
|---|---|---|---|
| 008 | 240118b |||||||| |||| 00| 0 eng d | ||
| 020 | |a 9780299321109 | ||
| 245 | |a Holding the world together |b : African women in changing perspective |c / edited by Nwando Achebe and Claire Robertson |e Women in Africa and the diaspora |g 384p | ||
| 250 | |c Achebe, Nwando | ||
| 250 | |c Robertson, Claire C. | ||
| 260 | |b The University of Wisconsin Press |c 2019 |h Madison, Wisconsin |i 701757 |i 701758 |l HQ1787.H68 |m Women--Africa--Social conditions. |m Women--Africa--Economic conditions. |m Women--Political activity--Africa. | ||
| 500 | |a Includes bibliographical references and index. | ||
| 942 | |a lcc |c BK |e Johnson |f 18/01/24 | ||
| 952 | |0 0 |1 0 |2 lcc |4 0 |6 HQ1787 H68 |7 0 |9 4797 |a SSL |b HOL |c GJ |d 2024-01-18 |l 0 |o HQ1787.H68 |p 2024-0050 |r 2024-01-18 00:00:00 |t 701737 |w 2024-01-18 |y BK | ||
| 952 | |0 0 |1 0 |2 lcc |4 0 |6 HQ1787 H68 |7 0 |9 4798 |a HOL |b HOL |c GJ |d 2024-01-18 |l 0 |o HQ1787.H68 |p 2024-0051 |r 2024-01-18 00:00:00 |t 701738 |w 2024-01-18 |y BK | ||
| 999 | |c 2398 |d 2398 | ||